U.S. Senators - Sudden Death - Statistics

General Stats
  • This quiz has been taken 2,456 times
  • The average score is 11 of 20
Answers on the Grid
Answers color-coded by a green-red scale on the quiz's grid according to % correct below.
Joe Biden
Cory Booker
George W. Bush
Bill Clinton
Hillary Clinton
Ted Cruz
Stephen A. Douglas
Dwight Eisenhower
John Fetterman
Newt Gingrich
Al Gore
Kamala Harris
Lyndon B. Johnson
John Kerry
John F. Kennedy
Abraham Lincoln
John McCain
Mitch McConnell
Barack Obama
Beto O'Rourke
Nancy Pelosi
Ronald Reagan
Marco Rubio
Donald Rumsfeld
Bernie Sanders
Chuck Schumer
John Thune
Strom Thurmond
JD Vance
Earl Warren
 
Answer Stats
Answer % Correct
1973–2009, Delaware Joe Biden
88%
2013–, Texas Ted Cruz
76%
1987–2018, Arizona John McCain
69%
2007–, Vermont Bernie Sanders
65%
2001–2009, New York Hillary Clinton
65%
1985–, Kentucky Mitch McConnell
63%
2013–, New Jersey Cory Booker
62%
1985–2013, Massachusetts John Kerry
62%
2005–2008, Illinois Barack Obama
60%
2023–, Pennsylvania John Fetterman
59%
2017–2021, California Kamala Harris
58%
1985–1993, Tennessee Al Gore
57%
2011–2025, Florida Marco Rubio
57%
1999–, New York Chuck Schumer
55%
2023–2025, Ohio JD Vance
45%
1954–2003, South Carolina Strom Thurmond
45%
1953–1960, Massachusetts John F. Kennedy
43%
2005–, South Dakota John Thune
42%
1949–1961, Texas Lyndon B. Johnson
40%
1847–1861, Illinois Stephen A. Douglas
38%
No matching quizzes found
Score Distribution
Percent of People with Each Score
Percentile by Number Answered
Your Score History
You have not taken this quiz